| 000 | 00535nam a22001937a 4500 | ||
|---|---|---|---|
| 003 | Ost | ||
| 005 | 20260224095824.0 | ||
| 008 | 260224b |||||||| |||| 00| 0 eng d | ||
| 040 | _cBT-PhCST | ||
| 050 | _a25592 | ||
| 082 |
_222 _a363.6 _bCOD |
||
| 100 | _aCody, Jeffrey W. | ||
| 245 |
_aHistoric Cities : _bissues in urban conservation / |
||
| 260 |
_aCalifornia : _bGetty Conservation Institute, _cc2019. |
||
| 300 |
_axxi, 610 p. : _bill. ; _c26 cm. |
||
| 500 | _aIncludes index. | ||
| 700 | _aSiravo, Francesco, | ||
| 942 |
_2ddc _cAE |
||
| 999 |
_c10124 _d10124 |
||